000 00650nam a2200217Ia 4500
005 20241129110136.0
008 241129s9999||||xx |||||||||||||| ||und||
020 _a977-780-069-X
037 _aTB
040 _aARTS
_beng
_cARTS
041 _aeng
_2ara
084 _aO28,3N11:g Q7
_qARTS
100 _aJad Yasriya Hussain al-Sayed Au.
_9727377
245 0 _aAl-khasais al-laghvia fi adab Najeeb Mehfooz
_cJad Yasriya Hussain al-Sayed Au.
260 _aCairo, Egypt
_bAalim al-kutub
_c2015
300 _a432p.
365 _aINR
_b1782
650 _aArabic Fiction
_964594
942 _cTB
_hO28,3N11:g Q7
999 _c1227466
_d1227466